| 000 | 01395nam0a22003131 4500 | ||
|---|---|---|---|
| 001 | rc\3306419 | ||
| 005 | 20130115150104.3 | ||
| 021 |
_aRU _b[70-51458] |
||
| 035 | _a(NLR Aleph) 007502667 | ||
| 090 |
_a7670761 _c7670761 |
||
| 100 | _a20130115d1970 |||y0rusy50 ca | ||
| 101 | 0 | _arus | |
| 102 | _aRU | ||
| 105 | _aa z ||||| | ||
| 200 | 1 |
_aДлительная внутриартериальная и внутриаортальная инфузия как метод лечения некоторых воспалительных заболеваний _fПод ред. проф. Ю.М. Лубенского _gКраснояр. гос. мед. ин-т. Краснояр. краев. клинич. больница № 1 |
|
| 210 |
_aКрасноярск _cБ. и. _d1970 |
||
| 215 |
_a233 с., 1 отд. л. ил. _cил. _d21 |
||
| 300 | _aПеред загл. авт.: Ю.М. Лубенский, Б.С. Граков, В.К. Сологуб и др. | ||
| 320 | _aБиблиогр.: с. 212-232 | ||
| 606 |
_aВоспаление _xЛечение лекарственное _2psbo |
||
| 606 |
_aВливание _2psbo |
||
| 701 | 1 |
_aГраков _bБ. С. |
|
| 701 | 1 |
_aЛубенский _bЮ. М. _gЮрий Моисеевич _4340 |
|
| 701 | 1 |
_aСологуб _bВ. К. |
|
| 801 | 0 |
_aRU _bNLR _gpsbo |
|
| 801 | 1 |
_aRU _bELAR _2rusmarc |
|
| 852 |
_aNLR _j70-3/3656 |
||
| 942 | _cBOOK | ||
| 980 | _aNB | ||